000 00290nam a22001337a 4500
008 170525b xxu||||| |||| 00| 0 eng d
020 _a3528340800
041 _aGER
080 _a621.3
100 _a26
101 _aIM
245 _aELEKTRISCHE MEBTECHNIK
_cBERGMANN,K
942 _2udc
_cBK
999 _c14210
_d14210